| 000 | 00501nam a2200181Ia 4500 | ||
|---|---|---|---|
| 999 |
_c15207 _d15207 |
||
| 003 | OSt | ||
| 005 | 20201030121553.0 | ||
| 008 | 190216s9999||||xx |||||||||||||| ||und|| | ||
| 020 | _a9780415252638 | ||
| 040 | _coclc | ||
| 082 |
_a808.042 _bPAL/W |
||
| 100 |
_aPalmer, Richard _96170 |
||
| 245 | 0 |
_aWrite In Style / _cRichard Palmer |
|
| 250 | _a1st Ed. | ||
| 260 |
_bRoutledge Falmer, _c2003. _aLondon: |
||
| 300 | _a255p | ||
| 942 |
_cBK _2ddc _h808.042 _iPAL/W _k808.042 _mPAL/W |
||